Megnyílt a XI. Dél-Alföldi Tárlat
Elmentve itt :
| Dokumentumtípus: | Cikk |
|---|---|
| Megjelent: |
1976-05-11
|
| Sorozat: | Délmagyarország
66 No. 110 |
| Kulcsszavak: | Dél-Alföldi Tárlat 11. 1976 Hódmezővásárhely, Dél-Alföld, Hódmezővásárhely, Képzőművészet Dél-Alföld, Képzőművészet kiállítás Hódmezővásárhely |
| Online Access: | http://dmarchiv.bibl.u-szeged.hu/85134 |
| LEADER | 00565nab a2200145 i 4500 | ||
|---|---|---|---|
| 001 | delm85134 | ||
| 005 | 20190506103043.0 | ||
| 008 | 190506s1976 hu o 0|| hun d | ||
| 040 | |a SZTE Délmagyarország Archívum |b hun | ||
| 041 | |a hun | ||
| 245 | 0 | 0 | |a Megnyílt a XI. Dél-Alföldi Tárlat |h [elektronikus dokumentum] |
| 260 | |c 1976-05-11 | ||
| 300 | |a 5 | ||
| 490 | 0 | |a Délmagyarország |v 66 No. 110 | |
| 695 | |a Dél-Alföldi Tárlat 11. 1976 Hódmezővásárhely, Dél-Alföld, Hódmezővásárhely, Képzőművészet Dél-Alföld, Képzőművészet kiállítás Hódmezővásárhely | ||